Statistics for 10 Most Dangerous Cities in the Northeast United States

Click here to take the quiz!

General Stats

  • This quiz has been taken 28 times
  • The average score is 4 of 10

Answer Stats

Answer% Correct
Philadelphia
81%
Buffalo
67%
Hartford
48%
Rochester
48%
Bridgeport
33%
Syracuse
33%
Worcester
29%
Paterson
24%
Springfield
24%
Elizabeth
19%

Score Distribution

Percentile by Number Answered

Percent of People with Each Score

Your Score History

You have not taken this quiz